| 000 | 00697nam a22001937a 4500 | ||
|---|---|---|---|
| 999 |
_c21045 _d21045 |
||
| 003 | AR-CdUCM | ||
| 008 | 190725b ||||| |||| 00| 0 spa d | ||
| 020 | _a978-9972-2777-1-9 | ||
| 040 |
_aMUNICIPALIDAD PROVINCIAL DEL CUSCO _cBIBLIOTECA MUNICIPAL DEL CUSCO |
||
| 082 |
_a338.985 / _bC79 |
||
| 110 |
_aCorredor Puno-Cusco _943844 |
||
| 245 |
_aLibro testimonial : _btestimonios de usuarios del proyecto de desarrollo del corredor Puno Cusco / |
||
| 260 |
_aCusco : _bProyecto corredor Puno Cusco, _c2007. |
||
| 300 |
_a206 páginas ; _bfotografĂas ; ilustraciones ; _c26 cm. |
||
| 650 |
_aProyectos Cusco _943845 |
||
| 650 |
_aCorredor Puno Cusco _943846 |
||
| 942 |
_2ddc _cLIBROS |
||
| 945 | _azta | ||